Wird geladen...
Untouchable god
| 1. Verfasser: | |
|---|---|
| Format: | Printed Book |
| Veröffentlicht: |
Kolkata
Samaya publications
2013
|
| Schlagworte: |
| LEADER | 00425nam a22001337a 4500 | ||
|---|---|---|---|
| 082 | |a 823.92 |b ILA/U | ||
| 100 | |a Ilaiah,Kancha | ||
| 245 | |a Untouchable god | ||
| 260 | |a Kolkata |b Samaya publications |c 2013 | ||
| 300 | |a 248 | ||
| 650 | |a Literature | ||
| 942 | |c BK | ||
| 999 | |c 148583 |d 148579 | ||
| 952 | |0 0 |1 0 |4 0 |6 823_920000000000000_ILA_U |7 0 |9 147355 |a IUCSSER |b IUCSSER |c GEN |d 2016-07-19 |l 0 |o 823.92 ILA/U |p IUC00734 |r 2016-07-19 |w 2016-07-19 |y BK | ||